Twice Discography Quiz - Statistics

General Stats
  • This quiz has been taken 2,729 times
    1,156 since last reset
  • The average score is 114 of 290
Answer Stats
Stan Jeongyeon % Correct
ATM (JIHYO)
81%
Like Ooh-Ahh
81%
Dance The Night Away
80%
POP!
80%
THIS IS FOR
80%
TT
80%
The Feels
79%
YES or YES
78%
ABCD
77%
CHEER UP
77%
TALK
76%
Alcohol-Free
75%
I CAN'T STOP ME
75%
Likey
75%
SCIENTIST
74%
SET ME FREE
74%
Talk that Talk
74%
FANCY
71%
MARS
71%
MEEEEEE (NAYEON)
71%
What is Love?
71%
CANDY
70%
Knock Knock
69%
Signal
69%
Feel Special
68%
Run Away
68%
MOONLIGHT
68%
DIVE
67%
L.O.V.E
67%
ME + YOU
67%
MORE & MORE
67%
Confetti
66%
Strategy
66%
CHESS (DAHYUN)
65%
Do not touch
65%
FIX A DRINK (JEONGYEON)
65%
Heart Shaker
65%
Killin' Me Good
65%
SHOOT (Firecracker)
65%
I GOT YOU
62%
MOONLIGHT SUNRISE
62%
ONE SPARK
62%
FOUR
61%
MOVE LIKE THAT (MOMO)
61%
HELLO (NAYEON, MOMO, CHAEYOUNG)
60%
IN MY ROOM (CHAEYOUNG)
60%
QUEEN
59%
GIRL
58%
OPTIONS
58%
STONE COLD (MINA)
58%
DIVE IN (TZUYU)
57%
Hare Hare
57%
Identity
56%
DECAFFEINATED (SANA)
55%
1, 3, 2 (JEONGYEON, MINA, TZUYU)
53%
Basics
53%
BATTITUDE
53%
Candy Pop
53%
CRY FOR ME
53%
Queen of Hearts
53%
Doughnut
52%
HO!
51%
Magic (Feat. 쥴리 of KISS OF LIFE)
51%
WALLFLOWER
51%
Gone
50%
HEARTBREAK AVENUE
50%
RIGHT HAND GIRL
50%
Baby Blue Love
49%
GO HARD
49%
Merry & Happy
49%
PEACH GELATO
49%
AVOCADO (feat. Gliiico)
48%
HELL IN HEAVEN
48%
BLOOM
47%
CACTUS
47%
Closer
47%
ESPRESSO
47%
HI HELLO
47%
Perfect World
47%
SEESAW
47%
Do It Again
46%
Ice Cream
46%
ICON
46%
LAST WALTZ
46%
LOVE FOOLISH
46%
STRAWBERRY
46%
UP NO MORE
46%
When We Were Kids
46%
21:29
45%
BDZ
45%
FIREWORK
45%
Marshmallow
45%
Turtle
45%
Brave
44%
Celebrate
44%
DAT AHH DAT OOH
44%
Funny Valentine
44%
G.O.A.T.
44%
NEW NEW
44%
PUSH & PULL (JIHYO, SANA, DAHYUN)
44%
Touchdown
44%
Fake & True
43%
Kura Kura
43%
LET LOVE GO
43%
Room
43%
The Best Thing I Ever Did
43%
The wish
43%
CRAZY STUPID LOVE
42%
ENEMY
42%
Look At Me
42%
One In A Million
42%
REWIND
42%
SAY SOMETHING
42%
Scandal
42%
First Time
41%
HAPPY BIRTHDAY TO YOU
41%
Jelly Jelly
41%
Kitty (MOMO)
41%
NEW LOOK
41%
NO PROBLEM (Feat. Felix of Stray Kids)
41%
F.I.L.A (Fall In Love Again)
40%
SUNSET
40%
Breakthrough
39%
Eye Eye Eyes
39%
Nightmare
39%
RUSH
39%
SOS
39%
Wishing
39%
GIRLS LIKE US
38%
Magical
38%
RAINBOW
38%
SHADOW
38%
YOU GET ME
38%
1 To 10
37%
BETTER
37%
CRUEL
37%
HOT
37%
Like It Like It
37%
Money In My Pocket (MOMO)
37%
OXYGEN
37%
Rollin'
37%
BLAME IT ON ME
36%
CHILLAX
36%
Conversation
36%
GET LOUD
36%
Lazy Baby (Feat. pH-1)
36%
LOVE COUNTDOWN (Feat. Wonstein)
36%
One More Time
36%
RUNWAY
36%
Trouble
36%
24/7
35%
Butterflies
35%
Candy Boy
35%
GOT THE THRILLS
35%
Jaljayo Good Night
35%
MAKE ME GO
35%
Misty (MINA)
35%
SHOT CLOCK
35%
STUCK
35%
BF
34%
HAPPY HAPPY
34%
Like A Fool
34%
Talkin' About It (Feat. 24kGoldn)
34%
BEHIND THE MASK
33%
Fly
33%
Truth
33%
Turning Tables (MINA)
33%
Sweetest Obsession
32%
Fanfare
31%
Mirage (SANA)
31%
Hmm
31%
Keeper
31%
Ma Cherry (SANA)
31%
My Guitar
31%
My Headphones On
31%
Ponytail
31%
REAL YOU
31%
SWEET TALKER
31%
TRICK IT
31%
TURN IT UP
31%
DEJAVU
30%
HANDLE IT
30%
Kiss My Troubles Away
30%
Precious Love
30%
Strawberry Moon
30%
Wishing On You
30%
Behind The Curtain
29%
Bouquet
29%
CANDYFLOSS
29%
Ffw
29%
HalliGalli
29%
Here I am
29%
Love Line
29%
Pit-a-Pat
29%
RIBBONS (feat. SUMIN, Jibin of Y2K92)
29%
SAY YES
29%
SWEET SUMMER DAY
29%
Three Times A Day
29%
Wow
29%
YOUNG & WILD
29%
BAND-AID
28%
Shot Thru The Heart
28%
Be as ONE
27%
BELIEVER
27%
Ding Dong
27%
Don't Wanna Go Back (Duet with Heize)
27%
DO WHAT WE LIKE
27%
Heaven (Feat. Sam Kim)
27%
LALALA
27%
Someone Like Me
27%
Wake Me Up
27%
AFTER MOON
26%
BRAND NEW GIRL
26%
Count It
26%
DEPEND ON YOU
26%
DOWNPOUR (feat. Fliiico)
26%
Heartbreak In Heaven (Feat. PENIEL of BTOB)
26%
Like 1
26%
Missing U
26%
Next Page
26%
Peach Soda
26%
STUCK IN MY HEAD
26%
Tuk Tok
26%
You In My Heart
26%
DON'T CALL ME AGAIN
25%
One Love
25%
Something
25%
Woohoo
25%
Beyond the Horizon
24%
BRING IT BACK
24%
Deep Eden
24%
Going Crazy
24%
LUV ME
24%
Only You
24%
SAY YOU LOVE ME
24%
Scorpion
24%
Catch a wave
23%
Message
23%
Pink Lemonade
23%
Dance Again
22%
LOVE WARNING
22%
Ocean Deep
22%
Rewind you
22%
SHADOW PUPPETS
22%
SWING
22%
Wah Wah Wah
22%
ALL OR NOTHING
21%
Don't Give Up
21%
Hold Me Tight
21%
It's not easy for you
21%
I WANT YOU BACK
21%
Losing Sleep
21%
POLISH
21%
Wonderful Day
21%
Baby, I'm good
20%
Echoes of heart
20%
FINE
20%
Good at Love
20%
Inside of me
20%
Jealousy
20%
Sandcastle
20%
Stronger
20%
The Reason Why
20%
TICK TOCK
20%
Up to you
20%
Daydream
19%
Just be yourself
19%
Red Diamond
19%
Thank you, Family
19%
Be OK
18%
Changing!
18%
Flow like waves
18%
Four-leaf Clover
18%
How u doin'
18%
Promise
18%
Voices of Delight
18%
Bitter Sweet
17%
Love is More
17%
Not a Goodbye
17%
STAY BY MY SIDE
17%
What You Waiting For
17%
Glow
16%
In the summer
16%
One day
16%
Say it again
16%
Catch My Eye
15%
Blind in Love
14%
PIECES OF LOVE
14%
That's all I'm saying
14%
No matching quizzes found
Score Distribution
Percent of People with Each Score
Percentile by Number Answered
Your Score History
You have not taken this quiz since the last reset